| 000 | 00658nam a2200253Ia 4500 | ||
|---|---|---|---|
| 003 | OSt | ||
| 005 | 20220918163450.0 | ||
| 006 | a|||||r|||| 00| 0 | ||
| 007 | ta | ||
| 008 | 220917b |||||||| |||| 00| 0 eng d | ||
| 020 | _a0030121515 | ||
| 024 | _a28,988 | ||
| 037 | _cTextual | ||
| 040 |
_aARTS _cARTS _beng |
||
| 041 |
_2eng _aeng |
||
| 082 | _aO111,3xN1, L6 | ||
| 100 |
_aSherer Ray J _913283 |
||
| 245 | 0 | _aTwelve short novels | |
| 260 |
_aN.Y _bHolt Rinchart And Winston _c1976 |
||
| 300 |
_avii,630p. _ccm. |
||
| 650 | _aENGLISH LITERATURE | ||
| 942 |
_hO111,3xN1, L6 _cTEXL _2CC |
||
| 999 |
_c119726 _d119726 |
||